Cartography in the traditional African, American, Arctic, Australian and Pacific Societies The history of cartography : vol. 2. 3
| Published in: | Cartography in the traditional African, American, Arctic, Australian and Pacific Societies The history of cartography, vol. 2. 3 |
|---|---|
| Main Authors: | , |
| Content type: | Book |
| Published: |
Chicago [etc.]:
University of Chicago Press
1998 |
| Source: | MPIPL_cat |
| _version_ | 1863687011881189376 |
|---|---|
| author2 | Woodward, David Lewis, G.M |
| author2_role | ed |
| author2_variant | d w dw g l gl |
| author_facet | Woodward, David Lewis, G.M |
| author_search | Woodward, David Lewis, G.M |
| author_sort | Woodward, David |
| callnumber-first | 404.21-Car/1.2.3 |
| callnumber-label | 404 |
| callnumber-raw | 404.21-CAR/1.2.3 |
| callnumber-search | 404.21-CAR/1.2.3 |
| collection_details | MPIPL |
| container_title | The history of cartography |
| dedup_id_str | MPIPL_cat.PL0086269 |
| dewey-hierarchy | 0/[Unassigned]/ |
| dewey-hierarchy_str | 0/[Unassigned]/ |
| first_indexed | 2026-03-14T00:40:31Z |
| format | 0/Buch/ |
| format_str | 0/Buch/ |
| fullrecord | <?xml version="1.0" encoding="UTF-8"?>
<collection xmlns:xsi="http://www.w3.org/2001/XMLSchema-instance" xsi:schemaLocation="http://www.loc.gov/MARC21/slim http://www.loc.gov/standards/marcxml/schema/MARC21slim.xsd" xmlns="http://www.loc.gov/MARC21/slim">
<record>
<leader>00000nam a2200000 u 4500</leader>
<controlfield tag="001">PL0086269</controlfield>
<controlfield tag="003">PLI01000000000000000083986</controlfield>
<controlfield tag="005">00000000000000.0</controlfield>
<controlfield tag="008"> ||| u </controlfield>
<datafield tag="020" ind1=" " ind2=" ">
<subfield code="a">0-226-90728-7</subfield>
</datafield>
<datafield tag="020" ind1=" " ind2=" ">
<subfield code="a">9780226907284</subfield>
</datafield>
<datafield tag="090" ind1=" " ind2=" ">
<subfield code="a">404.21-Car/1.2.3</subfield>
</datafield>
<datafield tag="100" ind1="1" ind2=" ">
<subfield code="a">Woodward, David</subfield>
<subfield code="e">[ed.]</subfield>
</datafield>
<datafield tag="245" ind1="0" ind2="4">
<subfield code="n">vol. 2. 3</subfield>
<subfield code="a">Cartography in the traditional African, American, Arctic, Australian and Pacific Societies</subfield>
<subfield code="a">The history of cartography</subfield>
<subfield code="c">ed. by David Woodward and G. Malcolm Lewis</subfield>
</datafield>
<datafield tag="260" ind1=" " ind2="2">
<subfield code="a">Chicago [etc.]</subfield>
<subfield code="b">University of Chicago Press</subfield>
</datafield>
<datafield tag="260" ind1=" " ind2=" ">
<subfield code="c">1998</subfield>
</datafield>
<datafield tag="300" ind1=" " ind2=" ">
<subfield code="a">XXI, 639 p.</subfield>
</datafield>
<datafield tag="700" ind1="1" ind2=" ">
<subfield code="a">Lewis, G.M.</subfield>
<subfield code="e">[ed.]</subfield>
</datafield>
<datafield tag="773" ind1="0" ind2="8">
<subfield code="w">MPIPL_cat.PL0053652</subfield>
<subfield code="i">In:</subfield>
</datafield>
<datafield tag="989" ind1=" " ind2=" ">
<subfield code="a">99-04</subfield>
</datafield>
<datafield tag="980" ind1=" " ind2="2">
<subfield code="a">Harley, John B.</subfield>
<subfield code="e">[ed.]</subfield>
</datafield>
<datafield tag="981" ind1=" " ind2="2">
<subfield code="a">Woodward, David</subfield>
<subfield code="e">[ed.]</subfield>
</datafield>
<datafield tag="984" ind1=" " ind2="2">
<subfield code="c">J.B. Harley and David Woodward</subfield>
</datafield>
<datafield tag="650" ind1=" " ind2="4">
<subfield code="a">Cartography-Africa-History</subfield>
</datafield>
<datafield tag="650" ind1=" " ind2="4">
<subfield code="a">Cartography-America-History</subfield>
</datafield>
<datafield tag="650" ind1=" " ind2="4">
<subfield code="a">Cartography-Arctic regions-History</subfield>
</datafield>
<datafield tag="650" ind1=" " ind2="4">
<subfield code="a">Cartography-Australia-History</subfield>
</datafield>
<datafield tag="650" ind1=" " ind2="4">
<subfield code="a">Cartography-Pacific Area-History</subfield>
</datafield>
<datafield tag="696" ind1=" " ind2=" ">
<subfield code="a">Lewis, G. Malcolm</subfield>
</datafield>
<datafield tag="852" ind1=" " ind2=" ">
<subfield code="c">404.21-Car/1.2.3</subfield>
<subfield code="m">BOOK</subfield>
</datafield>
</record>
</collection>
|
| hierarchy_parent_id | MPIPL_cat.PL0053652 |
| hierarchy_parent_title | The history of cartography |
| id | MPIPL_cat.PL0086269 |
| illustrated | Not Illustrated |
| institution | MPIPL_cat |
| institution_str | MPIPL_cat |
| isbn | 9780226907284 0-226-90728-7 |
| language | und |
| language_str | und |
| last_indexed | 2026-04-27T23:42:00Z |
| local_fields | 99-04 |
| online | false |
| online_MPIPL_cat | false |
| online_str | false |
| physical | XXI, 639 p. |
| publishDate | 1998 |
| publishDate_str | 1998 |
| publisher | University of Chicago Press |
| record_format | marc |
| signature_search | 404.21-Car/1.2.3 |
| spelling | Woodward, David ed. vol. 2. 3 Cartography in the traditional African, American, Arctic, Australian and Pacific Societies The history of cartography ed. by David Woodward and G. Malcolm Lewis Chicago [etc.] University of Chicago Press 1998 XXI, 639 p. Lewis, G.M In Cartography-Africa-History Cartography-America-History Cartography-Arctic regions-History Cartography-Australia-History Cartography-Pacific Area-History Lewis, G. Malcolm |
| spellingShingle | Cartography in the traditional African, American, Arctic, Australian and Pacific Societies. vol. 2. 3 Cartography-Africa-History Cartography-America-History Cartography-Arctic regions-History Cartography-Australia-History Cartography-Pacific Area-History |
| title | Cartography in the traditional African, American, Arctic, Australian and Pacific Societies. vol. 2. 3 |
| title_full | vol. 2. 3 Cartography in the traditional African, American, Arctic, Australian and Pacific Societies The history of cartography ed. by David Woodward and G. Malcolm Lewis |
| title_fullStr | vol. 2. 3 Cartography in the traditional African, American, Arctic, Australian and Pacific Societies The history of cartography ed. by David Woodward and G. Malcolm Lewis |
| title_full_unstemmed | vol. 2. 3 Cartography in the traditional African, American, Arctic, Australian and Pacific Societies The history of cartography ed. by David Woodward and G. Malcolm Lewis |
| title_search | Cartography in the traditional African, American, Arctic, Australian and Pacific Societies The history of cartography |
| title_short | Cartography in the traditional African, American, Arctic, Australian and Pacific Societies The history of cartography |
| title_sort | ography in the traditional african american arctic australian and pacific societies vol 2 3 ed by david woodward and g malcolm lewis |
| title_sub | vol. 2. 3 |
| topic | Cartography-Africa-History Cartography-America-History Cartography-Arctic regions-History Cartography-Australia-History Cartography-Pacific Area-History |